Φαγητά που αρχίζουν από Μ #2 (με εικόνες) - Statistics

General Stats
  • This quiz has been taken 304 times
    300 since last reset
  • The average score is 14 of 17
Answer Stats
Picture Hint Answer % Correct
(Ποτό) Μπύρα
100%
(Γλυκό) Μπισκότο
99%
(Φρούτο) Μανταρίνι
99%
(Λαχανικό) Μελιτζάνα
99%
(Λαχανικό) Μαρούλι
98%
(Λαχανικό) Μπρόκολο
98%
(Σάλτσα) Μουστάρδα
97%
(Γλυκό από φρούτα) Μαρμελάδα
95%
(Φρούτο) Μάνγκο
91%
(Αλλαντικό) Μπέικον
89%
(Είδος ψωμιού) Μπαγκέτα
88%
(Όσπριο) Μαυρομάτικα
78%
(Είδος τυριού) Μοτσαρέλα
70%
(Γλυκό) Μαρέγκα
56%
(Δημητριακά) Μούσλι
55%
(Φρούτο) Μούσμουλο
37%
(Ακριβό είδος μανιταριού) Μορχέλα
8%
No matching quizzes found
Score Distribution
Percent of People with Each Score
Percentile by Number Answered
Your Score History
You have not taken this quiz since the last reset